| 000 | 00636nam a2200205 u 4500 | ||
|---|---|---|---|
| 005 | 20210223131312.0 | ||
| 008 | 100607s2007 r 000 0 eng d | ||
| 020 | _a9789500307413 | ||
| 035 | _aUPN01000176334 | ||
| 049 | _aCG | ||
| 050 | 4 |
_aPR2794 B5 _bI5.3 |
|
| 100 | 1 |
_aShakespeare, William, _d1564-1616 |
|
| 245 | 1 | 0 |
_aBien está lo que bien acaba / _cWilliam Shakespeare ; introd. tr. y notas de Pablo Ingberg. |
| 260 |
_aBuenos Aires : _bLosada, _c2007. |
||
| 300 | _a261 p. | ||
| 440 | 0 |
_aTeatro ; _v728 |
|
| 534 |
_pTítulo original: _tAll's well that ends well |
||
| 650 | 4 |
_aDRAMA INGLES (COMEDIA) _95347 |
|
| 905 | _aLibro | ||
| 999 |
_c148437 _d148437 |
||